000 002880000a22000970004500
100 1 _aWonderly, Guillermo
245 1 0 _aRiview-articles: Less a Manifisto t6han an eirenicom
300 _aVol.40, núm.1 (December, 1996), Páginas 91-96
773 0 _tSewanee theological review
942 _cANA
999 _c60301
_d60301